[Event "Poikovsky Karpov 04th"]
[Site "Poikovsky"]
[Date "2003.04.21"]
[Round "2"]
[White "Onischuk, Alexander"]
[Black "Rublevsky, Sergei"]
[Result "1/2-1/2"]
[WhiteElo "2647"]
[BlackElo "2670"]
[Annotator "Huzman,A"]
[PlyCount "49"]
[EventDate "2003.04.20"]
[EventType "tourn"]
[EventRounds "9"]
[EventCountry "RUS"]
[EventCategory "16"]
[SourceTitle "CBM 095"]
[Source "ChessBase"]
[SourceDate "2003.07.25"]
[SourceVersion "1"]
[SourceVersionDate "2003.07.25"]
[SourceQuality "1"]

1. d4 d5 2. c4 dxc4 3. e4 e5 4. Nf3 Bb4+ 5. Bd2 Bxd2+ 6. Nbxd2 exd4 7. Bxc4 Qf6
8. Nb3 Nc6 9. Bb5 Nge7 10. Qxd4 Qxd4 11. Nfxd4 Bd7 12. O-O-O O-O-O 13. Nc5 Be8
14. Nc2 (14. Ne2 b6 15. Ba6+ Kb8 16. Rxd8+ Nxd8 17. Rd1 Ndc6 18. Nd7+ Bxd7 19.
Rxd7 Rd8 20. Rd2 $1 Rd6 $1 21. a3 Ne5 22. f4 Ng4 23. h3 Nf6 24. e5 Rxd2 25.
Kxd2 Nfd5 26. Bd3 $14 {1-0 Ivanchuk,V-Rublevsky,S/Moscow 2002/CBM 91/[Huzman] 
(64)}) 14... f5 15. exf5 (15. Rxd8+ Nxd8 16. Bd3 fxe4 17. Bxe4 Bc6 $11) (15.
Bc4 fxe4 16. Rxd8+ Nxd8 17. Re1 Bg6 18. Nxe4 Nec6 $11) 15... Nxf5 16. Bc4 Nd6 (
16... Bg6 17. Be6+ Kb8 18. f4 Nd6 19. g4 $36) 17. Bd5 (17. Be6+ Kb8 18. f4 b6
19. Nd3 Bg6 $11) 17... Ne7 {This pawn sacrifice had to be carefully calculated.
} 18. Nxb7 $1 Nxd5 19. Nxd8 Nf4 $1 20. g3 Nh3 21. Ne6 Nxf2 22. Nxg7 (22. Rhe1
$5 Nxd1 23. Kxd1 Bf7 24. Ncd4 Re8 25. b3 $14) 22... Nxh1 23. Nxe8 (23. Rxh1 Bf7
{[%csl Rg7]} 24. Nd4 Bxa2 $11) 23... Rxe8 24. Rxh1 Re2 $44 25. h3 (25. h3 Ne4
26. Nd4 Rg2 27. Re1 Nf2 (27... Nxg3 28. Re7 h5 29. Ne6) 28. Re3 Nxh3 29. Ne6
$14) 1/2-1/2

[Event "St Petersburg-Moscow"]
[Site "St Petersburg"]
[Date "2003.05.03"]
[Round "1"]
[White "Grabuzova, Tatiana"]
[Black "Korbut, Ekaterina"]
[Result "0-1"]
[WhiteElo "2375"]
[BlackElo "2312"]
[Annotator "Huzman,A"]
[PlyCount "60"]
[EventDate "2003.05.03"]
[EventType "team"]
[EventRounds "2"]
[EventCountry "RUS"]
[SourceTitle "CBM 095"]
[Source "ChessBase"]
[SourceDate "2003.07.25"]
[SourceVersion "1"]
[SourceVersionDate "2003.07.25"]
[SourceQuality "1"]

1. d4 d5 2. c4 dxc4 3. e4 e5 4. Nf3 exd4 5. Bxc4 Nc6 6. O-O Be6 7. Bxe6 fxe6 8.
Qb3 Qd7 9. Qxb7 Rb8 10. Qa6 Nf6 11. Nbd2 Bd6 12. Qd3 O-O 13. a3 Ng4 14. h3 (14.
b3 Nce5 15. Nxe5 Bxe5 (15... Nxe5 $1 $146 16. Qxd4 Ng4 17. e5 Nxe5 18. Bb2 Rb5
$1 {[%cal Yb5d5,Yd5d2]} 19. Nc4 (19. Qa4 Nd3 20. Bd4 Bxh2+ 21. Kxh2 Rf4 22. Nf3
Rxf3 $17 {1/2-1/2 Sakai,K-Bandiera,A/IECC 2000/Telechess CBM 89 (44)}) 19...
Rd5 20. Qe4 Nd3 $36 {0-1 Galliamova,A-Rublevsky,S/St Petersburg 1998/CBM 67/
(26)}) 16. g3 Qf7 {[%cal Yf7h5,Yf7f2,Yg4f2,Yg4h2]} 17. f4 Ne3 18. Nc4 $1 $14 {
1/2-1/2 Dreev,A-Rublevsky,S/Elista 1998/CBM 65/[Huzman] (30)}) 14... Rxf3 $146
{In my opinion, this interesting and purely positional exchange sacrifice
isn't fully justified.} (14... Nge5 15. Nxe5 Nxe5 $1 16. Qxd4 Ng4 (16... Qb5
17. b4 (17. Qc3 Qe2 18. Qe3 Qxe3 19. fxe3 Nd3 20. Rxf8+ Kxf8 21. Nc4 Be7 22. b4
c5 23. Bd2 cxb4 24. Bxb4 Nxb4 25. axb4 Rxb4 26. Rc1 Bc5 27. Rc3 Ke7 28. Ne5 Rb5
29. Nc6+ Kd6 30. Nd4 Rb1+ 31. Kf2 Bb6 32. Rc8 Rd1 33. Ke2 Rg1 34. Kf2 Rd1 35.
Ke2 {1/2-1/2 Gormally,D-Krush,I/London 1999/CBM 70 ext (35)}) 17... Nc6 18. Qc4
Qe5 19. g3 Qxa1 20. Qxc6 Qd4 21. Kg2 Qf6 {1/2-1/2 Nikolic,P-Anand,V/Monte
Carlo 1999/CBM 69 ext (21)}) 17. Kh1 $2 c5 18. Qd3 Nxf2+ 19. Rxf2 Rxf2 20. e5
Rd8 21. exd6 Qxd6 22. Qxd6 Rxd6 $15 {1/2-1/2 Bacrot,E-Waitzkin,J/Bermuda 1999/
CBM 69/[Huzman] (51)}) 15. Nxf3 (15. Qxf3 Nh2 16. Qd3 Nxf1 17. Kxf1 (17. Nxf1
Ne5 $17 18. Qxd4 $140 Nf3+ $1 $19) 17... Ne5 18. Qxd4 Qb5+ 19. Kg1 Bc5 20. Qc3
Nd3 $40) 15... Nge5 16. Nxe5 Nxe5 17. Qa6 (17. Qd1 $5 d3 (17... c5 18. f4 Nc6
19. Qc2 Qb7 20. e5 Be7 21. f5 $16) 18. f4 Nc4 (18... Bc5+ 19. Kh2 Nc4 20. b3
$16) 19. b3 Bc5+ 20. Kh2 $16) 17... c5 18. f4 Rb6 19. Qe2 Nc6 20. f5 (20. Rb1
$142 Na5 21. Bd2 Nb3 22. Rbd1 Be7 23. f5 $16) (20. Qc2 $5 Qb7 21. e5 Be7 22.
Rb1 $16) 20... d3 $1 21. Qg4 Nd4 22. fxe6 Qxe6 $1 $44 23. Qxe6+ Nxe6 24. Rd1 $2
(24. Rb1 Be5 25. Be3 Bxb2 (25... Rxb2 26. Rxb2 Bxb2 27. Rb1 Bd4 28. Kf2 c4 29.
Bxd4 Nxd4 30. Ke3 $16) 26. Rfd1 Rb3 27. Rd2 Bd4 28. Rxb3 Bxe3+ 29. Rf2 Nf4 30.
Rb8+ (30. Kf1 Bxf2 31. Kxf2 c4 $17) 30... Kf7 31. Kf1 Bxf2 (31... c4 32. Rxf4+
Bxf4 33. Rc8 $18) 32. Kxf2 c4 33. Ke3 c3 $19) 24... c4 25. Be3 (25. Kf2 Nc5 26.
Kf3 Be5 $19) 25... Rxb2 $19 26. Rac1 Re2 $1 27. Bf2 (27. Bxa7 d2 28. Ra1 c3 $19
) 27... Rxe4 28. Rb1 Nf4 29. Be1 Re2 30. Rd2 c3 0-1

[Event "Metalska Trgovina CC 90"]
[Site "Ljubljana"]
[Date "2002.01.19"]
[Round "1"]
[White "Soln, Primoz"]
[Black "Kharlov, Andrei"]
[Result "1/2-1/2"]
[WhiteElo "2412"]
[BlackElo "2638"]
[Annotator "Huzman,A"]
[PlyCount "37"]
[EventDate "2002.01.19"]
[EventType "tourn"]
[EventRounds "11"]
[EventCountry "SLO"]
[EventCategory "11"]
[SourceTitle "CBM 088"]
[Source "ChessBase"]
[SourceDate "2002.03.21"]
[SourceVersion "1"]
[SourceVersionDate "2002.03.21"]
[SourceQuality "1"]

1. d4 d5 2. c4 dxc4 3. Nc3 a6 4. e4 b5 5. a4 b4 6. Na2 e6 7. Bxc4 Bb7 8. f3 c5
9. Be3 (9. Ne2 Nc6 (9... cxd4 10. Nxd4 Qc7 (10... Bd6 11. Be3 Ne7 12. Qd2 Nbc6
13. Rd1 Bc5 14. Nb3 Bxe3 15. Qxe3 Qc7 16. Qc5 Rc8 17. Be2 a5 18. Nac1 O-O 19.
O-O Rfd8 20. Bb5 h6 21. Nd3 Rd7 22. Nf2 Rcd8 23. Rxd7 Rxd7 24. Rd1 Rxd1+ 25.
Nxd1 $14 {1/2-1/2 Sokolov,I-Kramnik,V/Pamplona 1992/CBM 33 (115)}) 11. Qe2 Bd6
12. Be3 Bxh2 (12... Ne7 13. Rc1 Nbc6 14. Bxe6 fxe6 15. Nxe6 Qd7 16. Nxg7+ Kf7
17. Nh5 Qe6 18. Rd1 a5 19. Nc1 Ba6 20. Nd3 Ne5 21. Nhf4 Qb3 $17 {0-1 Ivanov,
A-Typek,K/Mikolajki 1991/EXT 2000 (33)}) 13. Rc1 Bg3+ 14. Kf1 Qe7 15. Nb3 Bd6
16. Na5 Nc6 17. Nxc6 Bxc6 18. Bxe6 Bxa4 19. Bc4 Nf6 20. b3 Bd7 21. Bd4 Bf4 {
1/2-1/2 Browne,W-Dlugy,M/Estes Park 1985/MCD (21)}) (9... Ne7 $5 10. Be3 cxd4
11. Nxd4 Nec6 12. Nb3 $1 $14 Qxd1+ 13. Rxd1 Ne5 $6 14. Be2 Bc6 15. Rc1 $1 Bxa4
16. Rc8+ Ke7 17. Nac1 $1 $16 {1-0 Miles,A-Seirawan,Y/Zagreb 1987/CBM 04/[Ribli]
(57)}) 10. Be3 cxd4 11. Nxd4 Qb6 12. a5 (12. Nf5 Qc7 13. Ng3 Bd6 14. O-O Nge7
15. f4 O-O 16. e5 Nxe5 17. fxe5 Bc5 18. Bxc5 Qxc5+ 19. Rf2 Qxc4 20. Qd7 Nd5 21.
Qxb7 b3 22. Nc1 {1/2-1/2 Schipkov,B-Baburin,A/Gyor 1990/EXT 97 (22)}) 12...
Qxa5 13. Nc3 Qc7 14. Ncb5 axb5 15. Nxb5 Qd8 16. Rxa8 Bxa8 17. Ke2 Be7 18. Qa4
Qa5 19. Qxa5 Nxa5 20. Bd3 Bc6 21. Ra1 Nb7 22. Ra7 e5 23. Nc7+ Kd7 24. Nd5 Nf6
25. Bc4 Rb8 $17 {0-1 Braga,F-Marjanovic,S/Rome 1988/CBM 07 (62)}) 9... Nc6 $6 (
9... cxd4 10. Qxd4 Qxd4 11. Bxd4 Nc6 12. Be3 Nf6 (12... Ne5 13. Be2 (13. Rc1 b3
$1 $17) 13... Rd8 14. Rc1 Nf6 15. Nh3 Nd3+ 16. Bxd3 Rxd3 17. Ke2 Rd7 18. b3 $16
{[%csl Rb4]}) 13. Rd1 Rc8 14. Nh3 Nd7 $11) 10. dxc5 Qa5 $6 (10... Nf6 11. Nc1
Qxd1+ 12. Kxd1 Rd8+ 13. Ke1 $1 (13. Ke2 Ne5 14. Ba2 Bc6 $36) 13... Ne5 14. Be2
Be7 15. Nh3 O-O 16. Nf2 $16) 11. Nc1 $1 $16 b3+ 12. Qd2 (12. Kf1 $5 Rd8 (12...
Bxc5 13. Nxb3 Qb4 14. Bxe6 fxe6 15. Nxc5 $16) (12... Ne5 13. Qxb3 Rd8 14. Nd3
Nxd3 15. Bxd3 Bxc5 16. Bxc5 Qxc5 17. Qxb7 Rxd3 18. Qxa6 Rb3 19. Ne2 $16) 13.
Qxb3 Bxc5 14. Nd3 Bxe3 15. Qxb7 $16) 12... Bxc5 13. Qxa5 (13. Nxb3 Bxe3 (13...
Qxd2+ 14. Bxd2 $16) 14. Qxa5 Nxa5 15. Nxa5 Bc8 (15... Rb8 16. Ra3 Bb6 17. Nxb7
Rxb7 18. a5 $16) 16. Ne2 Rb8 17. Bd3 Nf6 18. Nc4 Bc5 $44) 13... Nxa5 14. Bxc5
Nxc4 15. Nxb3 Nf6 (15... Nxb2 16. Bd4 Nd3+ 17. Kd2 e5 18. Kxd3 exd4 19. Ne2 $16
) 16. Ne2 Nd7 (16... Nxb2 17. Bd4 Nc4 18. Nc5 Bc6 19. Rc1 $16) 17. Bd4 e5 18.
Bc3 Rb8 19. Na5 (19. Na5 Nxa5 20. Bxa5 Nc5 21. Ra3 $16) 1/2-1/2

[Event "FIDE-Wch k.o."]
[Site "Tripoli"]
[Date "2004.06.22"]
[Round "2.2"]
[White "Sokolov, Ivan"]
[Black "Kharlov, Andrei"]
[Result "1/2-1/2"]
[WhiteElo "2690"]
[BlackElo "2593"]
[Annotator "Huzman,A"]
[PlyCount "65"]
[EventDate "2004.06.19"]
[EventType "k.o."]
[EventRounds "7"]
[EventCountry "LBY"]
[SourceTitle "CBM 102"]
[Source "ChessBase"]
[SourceDate "2004.09.23"]
[SourceVersion "1"]
[SourceVersionDate "2004.09.23"]
[SourceQuality "1"]

1. d4 d5 2. c4 dxc4 3. e4 e5 4. Nf3 Bb4+ 5. Bd2 Bxd2+ 6. Nbxd2 exd4 7. Bxc4 Qf6
8. b4 $146 Ne7 9. O-O (9. Nb3 $5 O-O (9... Qg6 10. O-O O-O 11. Ne5 Qxe4 12. Re1
Qf4 13. Qxd4 $44) 10. Qxd4 Qxd4 (10... Qg6 11. O-O Bh3 12. Ne1 $14) 11. Nfxd4
Nbc6 12. b5 Nxd4 13. Nxd4 a6 14. O-O-O axb5 15. Nxb5 c6 16. Nd6 $36) 9... O-O
10. Re1 (10. Nb3 Rd8 11. e5 Qf4 12. Qc1 $1 Qxc1 13. Raxc1 $44 Bg4 $1 14. Ng5 (
14. Nfxd4 Nbc6 15. Nxc6 Nxc6 16. h3 Bf5 $11) 14... Bh5 15. e6 f6 16. Nf7 Re8
17. Nxd4 Nbc6 $13) 10... Nbc6 11. b5 Na5 12. Bd3 (12. Qa4 Nxc4 13. Qxc4 c6 $11)
12... Qb6 (12... c5 13. e5 Qh6 14. Ne4 b6 15. Nd6 $44) 13. Rc1 (13. e5 Bf5 14.
Bxf5 Nxf5 15. Qc2 Ne7 16. Rac1 c6 $15) 13... Ng6 (13... c6 $5) 14. e5 Nf4 15.
Qc2 h6 16. Bf1 d3 $1 17. Qxc7 {The fact that match strategy demands from White
to play only for winning explains there following moves.} (17. Bxd3 Nxd3 18.
Qxd3 Be6 19. a4 Rfd8 20. Qe3 Qxe3 21. Rxe3 c6 $11) 17... Qxb5 18. a4 (18. Re4
Ne2+ 19. Bxe2 dxe2 20. Nd4 Qd5 $15) 18... Qb6 19. Qxb6 axb6 20. g3 (20. Re4 g5
21. g3 Ne2+ 22. Bxe2 dxe2 23. Rxe2 Nc6 $15) 20... Ne2+ 21. Bxe2 dxe2 22. Rxe2
Rd8 (22... Nc6 $142 $15) 23. Re4 (23. Rc7 Be6 24. Re3 Bd5 $15) 23... Nc6 $17
24. g4 (24. Nb1 Bf5 25. Rf4 Be6 26. Nc3 Ra5 $17) 24... Be6 25. h3 (25. Rb1 Bd5
26. Rf4 g5 27. Rf6 Rxa4 28. h3 Ra2 $1 $17) 25... Bd5 (25... Rd3 $5 26. Rb1 Bd5
27. Re3 Rxe3 28. fxe3 Rxa4 29. Rxb6 Bxf3 30. Nxf3 Rb4 $17) 26. Rf4 (26. Re3
$142 Rxa4 27. Rb1 Rb4 $17) 26... g5 $1 27. Rf6 Kg7 {/\28...Ne5} 28. Rd6 Nxe5 $1
$19 29. Rxd8 Nxf3+ 30. Nxf3 Rxd8 31. Rd1 Kf6 32. Nh2 Rd7 33. Nf1 (33. Nf1 Bc6
$19) 1/2-1/2

[Event "Hastings 0203 78th"]
[Site "Hastings"]
[Date "2002.12.28"]
[Round "1"]
[White "Nielsen, Peter Heine"]
[Black "Karjakin, Sergey"]
[Result "1-0"]
[WhiteElo "2620"]
[BlackElo "2527"]
[Annotator "Huzman,A"]
[PlyCount "39"]
[EventDate "2002.12.28"]
[EventType "tourn"]
[EventRounds "9"]
[EventCountry "ENG"]
[EventCategory "12"]
[SourceTitle "CBM 093"]
[Source "ChessBase"]
[SourceDate "2003.04.01"]
[SourceVersion "1"]
[SourceVersionDate "2003.04.01"]
[SourceQuality "1"]

1. d4 d5 2. c4 dxc4 3. e4 c5 4. d5 Nf6 5. Nc3 b5 6. Bf4 Ba6 7. Nf3 b4 8. Bxb8
bxc3 (8... Qxb8 9. Qa4+ Nd7 10. Qxa6 bxc3 11. bxc3 Qb2 12. Rd1 Qxc3+ 13. Nd2
$16) (8... Rxb8 9. Qa4+ Qd7 10. Qxa6 bxc3 11. bxc3 Nxe4 12. Ne5 $16) 9. Qa4+
Qd7 10. Qxa6 cxb2 11. Rb1 Rxb8 12. Bxc4 $146 {[%mdl 44] This natural move is a
theoretical novelty. White tries to use his development advantage, and by the
way he takes Black's pawns.} (12. Ne5 Qb7 $4 (12... Qc7 {Huzman} 13. Qa4+ Nd7
14. Nxc4 g6 15. Qc6 Kd8 16. Qxc7+ (16. e5 {1/2-1/2 Fellner,W-Olbrisch,M/
GER-ch23 sf9 corr 1991/Corr 2000 (16)}) 16... Kxc7 17. Rxb2 Rxb2 18. Nxb2 Bg7
19. Nd1 Rb8 20. Bd3 Ne5 21. Bc2 Nc4 22. g3 Rb4 $17 {1-0 Ivanisevic,
I-Chatalbashev,B/Antalya 2002/CBM 86 ext (72)}) 13. Rxb2 $1 {1-0 Shirov,
A-Motylev,A/Moscow 2001/CBM 86/[Huzman] (13)}) 12... Rb6 (12... Qb7 13. Qa4+
Qd7 (13... Nd7 14. O-O Qb4 15. Qxa7 $1 (15. Qb3 g6 16. Rxb2 Bg7 17. Qxb4 cxb4
18. Rc2 Ne5 $11) 15... Qxc4 16. Qxd7+ Kxd7 17. Ne5+ Kc7 18. Nxc4 Rb4 19. Nxb2
Rxe4 20. Nd3 $32) 14. Qa3 Qb7 15. O-O Nxe4 16. Ne5 $1 $18) (12... Rb4 13. Ne5
Qb7 14. Qc6+ Nd7 15. Ba6 $1 Qxc6 16. dxc6 $18) 13. Qa3 $1 {[%csl Rb2]} (13. Ne5
Qb7 14. Qxb7 Rxb7 15. a4 Nxe4 $1 16. Bb5+ Rxb5 17. axb5 g5 $1 $44 18. Rxb2 (18.
Nc6 Bg7 19. Nxa7 Kd7 20. f3 Nd6 $15) 18... Bg7 19. Re2 Nc3 $15) 13... Nxe4 (
13... Qb7 14. Bb3 e6 (14... Nxe4 15. Qa4+ Kd8 16. Ne5 $1 (16. Qxe4 Re6 $1 17.
Ne5 Qb4+ $1 18. Qxb4 Rxe5+ 19. Kd2 cxb4 20. Rxb2 g6 $17) 16... Nd6 17. O-O $44
{[%csl Rd8]}) 15. Qa4+ Kd8 16. Ne5 $5 (16. O-O) 16... exd5 17. exd5 Qe7 18. f4
Ng4 19. O-O $40 {[%csl Rd8]}) 14. Rxb2 Qb7 (14... Nd6 15. Rxb6 axb6 16. Ne5 Qb7
17. Ba6 Qb8 (17... Qxd5 18. Qa4+ $18) 18. Qb3 (18. O-O $5 $32) 18... b5 19. a4
$16) 15. Rxb6 Qxb6 (15... axb6 16. Ba6 $1 Qxd5 17. Bb5+ Kd8 18. Qa7 $18) 16.
O-O $18 f6 17. Qa4+ Kd8 (17... Kf7 18. d6+ e6 19. Qd7+ $18) 18. d6 $1 e5 (18...
Nxd6 19. Be6 Qb7 20. Nd2 $1 $18) (18... exd6 19. Re1 d5 20. Bxd5 Nd6 21. Be6
Qc7 22. Rc1 $1 $18) 19. Be6 Qb7 20. Qa5+ (20. Qa5+ Qb6 21. Rb1 $1 $18) 1-0

[Event "Moscow Aeroflot op"]
[Site "Moscow"]
[Date "2002.02.07"]
[Round "5"]
[White "Volkov, Sergey"]
[Black "Tkachiev, Vladislav"]
[Result "0-1"]
[WhiteElo "2567"]
[BlackElo "2634"]
[Annotator "Huzman,A"]
[PlyCount "130"]
[EventDate "2002.02.04"]
[EventType "swiss"]
[EventRounds "9"]
[EventCountry "RUS"]
[SourceTitle "CBM 088"]
[Source "ChessBase"]
[SourceDate "2002.03.21"]
[SourceVersion "1"]
[SourceVersionDate "2002.03.21"]
[SourceQuality "1"]

1. d4 d5 2. c4 dxc4 3. e4 e5 4. Nf3 Bb4+ 5. Bd2 Bxd2+ 6. Nbxd2 exd4 7. Bxc4 Nc6
8. O-O Nf6 9. e5 Ng4 10. h3 Nh6 11. Nb3 Nf5 12. Re1 (12. Bb5 Qd5 (12... Bd7 13.
Qc2 Nh4 14. Nxh4 Qxh4 15. Nc5 a6 16. Ba4 O-O-O 17. Qb3 b5 18. Bxb5 axb5 19.
Qxb5 $18 {1-0 Seres,L-Comp Genius/Balatonbereny 1995/CBM 49 ext (36)}) 13.
Bxc6+ (13. Nbxd4 Nfxd4 14. Nxd4 Bd7 15. Bxc6 Bxc6 16. Nxc6 {1/2-1/2 Amura,
C-Slipak,S/La Plata 1992/EXT 2000 (16)}) 13... Qxc6 14. Rc1 Qb6 15. g4 (15.
Nbxd4 O-O 16. Nxf5 Bxf5 17. Qd4 c5 18. Rxc5 Rad8 19. Rd5 Rxd5 20. Qxd5 Qxb2 21.
Nd4 Bb1 22. a4 Ba2 23. Qd6 Bc4 24. Rd1 g6 $11 {1/2-1/2 Flear,C-Slipak,S/Palma
de Mallorca 1991/EXT 98 (31)}) 15... Ne7 16. Qxd4 h5 17. Qxb6 axb6 18. Rxc7
hxg4 19. hxg4 Bxg4 20. Nh2 Nd5 21. Rcc1 Be6 22. Nd4 Kd7 $17 {0-1 Jakab,A-Naes,
F/Budapest 1999/EXT 2000 (43)}) (12. Qd3 O-O 13. Rfe1 Nh4 14. Rad1 Bf5 15. Qe2
Nxf3+ 16. Qxf3 Bc2 17. Rd2 Bxb3 18. Qxb3 Qg5 19. Rde2 Na5 20. Qc2 Nxc4 21. Qxc4
Rad8 22. Rd1 Qf4 23. Qxc7 d3 {1/2-1/2 Flear,G-Slipak,S/Palma de Mallorca 1991/
EXT 98 (23)}) 12... O-O 13. Rc1 $146 {[%cal Gc4b5][%mdl 36] Volkov has found a
new and , at that, quite a strong plan. By putting pressure all along the
"c"-file, White considerably hampers Black's attempt to finish his development.
} (13. Re4 Be6 14. Bxe6 fxe6 15. Nbxd4 Qd5 16. Qd3 Ncxd4 17. Nxd4 c5 {0-1
Meyer,P-Heidrich,M/BL8586 1986/GER-chT (17)}) 13... a6 (13... Be6 14. Bb5 Bxb3
(14... Nce7 15. g4 Bxb3 16. Qxb3 Nh6 17. Red1 c6 18. Rxd4 Qc7 19. Bc4 $16 {
[%csl Rh6]}) 15. Qxb3 $44) (13... a5 14. Bd3 a4 15. Bxf5 axb3 16. Bxc8 Qxc8 17.
Qxb3 Re8 18. Rc5 $14) 14. Bd3 Nh4 15. Be4 Nxf3+ 16. Qxf3 Be6 (16... Nxe5 17.
Bxh7+ Kxh7 18. Rxe5 (18. Qh5+ Kg8 19. Qxe5 c6 20. Nxd4 $14 {[%csl Rc8]}) 18...
Be6 19. Qxb7 $16) 17. Nc5 Qg5 (17... Rb8 18. b3 Qg5 19. Bxc6 bxc6 20. Nxe6 fxe6
21. Qxc6 Qf5 22. Re2 $16) 18. Qd3 $1 Nxe5 (18... Rfe8 19. Bxh7+ Kh8 20. Be4
Nxe5 21. Qxd4 (21. Qf1 Bc4 $5 22. f4 Bxf1 23. fxg5 Bb5 24. Bxb7 d3 25. Rcd1
Rab8 26. b3 $16) 21... Bxh3 22. Qe3 Qxe3 23. Rxe3 Bc8 24. Bd5 $16) 19. Qxd4
Rad8 (19... Nc6 20. Bxc6 bxc6 21. Nxe6 fxe6 22. Rxc6 $16) 20. Qc3 $1 (20. Bxh7+
Kxh7 21. Qxe5 Qxe5 22. Rxe5 Bxa2 (22... Rd2 23. b4 Bd5 $11) 23. Nxb7 Rd2 24. b4
Rb8 25. Rxc7 Bd5 26. Nc5 Rxb4 $11) 20... Bd5 (20... Ng6 21. Bxb7 Nf4 22. Kh2
$16) {[%tqu "En","Find 'small' combination that gives White desicive advantage.
","","","f2f4","",10]} 21. f4 Qxf4 22. Rf1 Qh6 23. Qxe5 Qe3+ 24. Kh1 Rfe8 25.
Qxd5 (25. Ne6 $3 Rxe6 26. Qxc7 Qxh3+ 27. gxh3 Bxe4+ 28. Kg1 Rg6+ 29. Kf2 $18)
25... Rxd5 26. Bxd5 $18 Re7 27. Nxb7 Qg5 28. Rcd1 (28. Bc4 $5 Rd7 29. Rcd1 Rxd1
30. Rxd1 h6 31. Nd8 $18) 28... Rd7 29. Rde1 g6 30. Bf3 (30. Bc4 a5 (30... Kg7
31. b4 $18) 31. Rf3 Kg7 32. Ref1 Rd2 $132) 30... Rd2 31. b4 Rxa2 32. Nc5 Kg7
33. Rc1 a5 34. Ne4 Qd8 35. Nc3 $1 Ra3 36. Nb5 Rd3 (36... Ra2 37. Rxc7 axb4 38.
Be4 $18) 37. bxa5 c6 38. a6 $1 cxb5 39. Ra1 $1 Qf6 (39... Rxf3 40. Rxf3 Qd4 41.
Rfa3 Qa7 42. Rb3 $18) 40. Be4 $4 (40. Be2 $1 $18) 40... Ra3 $1 $19 41. Rad1
Qxa6 42. Bd5 f5 43. Bf3 Kh6 44. Rb1 b4 45. Rfd1 Rxf3 $1 {Black is displaying a
superb technic.} 46. gxf3 Qe2 47. Rf1 Kg5 $1 48. Kg1 Kh4 49. Rf2 Qe3 50. Kg2
Qf4 51. Rbb2 g5 52. Kh1 Qd6 53. Rfd2 Qf4 54. Rf2 h5 55. Kg2 Qg3+ 56. Kh1 Qd6
57. Rfd2 Qc5 58. Rdc2 Qd4 59. Rd2 Qc3 60. Kg2 b3 61. Rf2 f4 62. Kh1 g4 63. fxg4
hxg4 64. hxg4 f3 65. Rb1 Kg3 0-1

[Event "POL-ch"]
[Site "Warsaw"]
[Date "2004.05.03"]
[Round "9"]
[White "Jaracz, Pawel"]
[Black "Mista, Aleksander"]
[Result "1-0"]
[WhiteElo "2539"]
[BlackElo "2517"]
[Annotator "Huzman,A"]
[PlyCount "43"]
[EventDate "2004.04.24"]
[EventType "tourn"]
[EventRounds "13"]
[EventCountry "POL"]
[EventCategory "12"]
[SourceTitle "CBM 101"]
[Source "ChessBase"]
[SourceDate "2004.07.27"]
[SourceVersion "1"]
[SourceVersionDate "2004.07.27"]
[SourceQuality "1"]

1. d4 d5 2. c4 dxc4 3. e4 Nf6 4. e5 Nd5 5. Bxc4 Nb6 6. Bd3 Nc6 7. Ne2 Be6 8.
Nbc3 (8. Be3 Qd7 9. Nbc3 Nb4 10. Be4 Bf5 11. Bxf5 Qxf5 12. O-O Qd7 13. Nf4 e6
14. a3 N4d5 15. Nfxd5 Nxd5 16. Qf3 Rd8 17. Qg3 Ne7 18. Rad1 Nf5 $11 {0-1
Sjodahl,P-Stefansson,H/New York 1994/CBM 40 ext (54)}) 8... Bd5 (8... Nb4 9.
Be4 c6 10. O-O Qd7 11. Be3 f5 12. exf6 exf6 13. Nf4 Bf7 14. Nh5 f5 15. Bb1
O-O-O 16. Bg5 Re8 17. Qf3 Bxh5 18. Qxh5 g6 19. Qh4 Be7 $15 {0-1 Demir,G-Varga,
Z/Budapest 1993/EXT 98 (37)}) (8... Qd7 9. Be3 (9. Ne4 Bd5 (9... Nb4 10. Bb1
Bc4 11. Nc5 Qg4 12. h3 Qxe2+ 13. Qxe2 Bxe2 14. Kxe2 O-O-O 15. e6 $1 Nc6 16. Be3
f6 17. Be4 $16 {1-0 Korchnoi,V-Suetin,A/Budva 4/590 1967/[Petrosian,T] (59)})
10. O-O e6 11. a3 Be7 12. Qc2 O-O-O (12... f5 13. exf6 gxf6 14. Be3 f5 15. Nc5
Bxc5 16. dxc5 Qg7 17. Nf4 $16 {1-0 Volkov,S-Nikitin,A/Orel 1997/EXT 99 (24)})
13. Rd1 $2 Nxe5 $1 $17 {0-1 Dijankov,O-Nikitin,A/Orel 1997/EXT 99 (47)}) (9.
Be4 O-O-O 10. Be3 Bf5 11. O-O Bxe4 12. Nxe4 e6 13. a3 Be7 14. b4 f5 15. exf6
Bxf6 16. Kh1 e5 17. Nxf6 gxf6 18. dxe5 Qxd1 19. Raxd1 Nxe5 $132 {1/2-1/2 Van
Wely,L-Rustemov,A/Moscow RUS 2004/(49)}) 9... Nb4 10. Be4 Bf5 11. O-O Bxe4 12.
Nxe4 e6 13. N2g3 O-O-O 14. a3 Nc6 15. Ne2 Be7 16. b4 f5 17. Nc5 Bxc5 18. bxc5
Nd5 19. Rb1 Nce7 20. Qb3 Qc6 21. Rb2 $16 {1/2-1/2 Ramirez,C-Borges Mateos,J/
Bogota 1997/EXT 98 (48)}) (8... Bc4 9. Bxc4 (9. Be4 e6 10. O-O Qd7 11. b3 Ba6 {
[%cal Yc6b4,Yb4d5,Gc6e7,Ge7d5]} 12. a3 Ne7 13. Qc2 Ned5 14. Rd1 Bxe2 15. Nxe2
O-O-O 16. Bd2 Kb8 17. Rdb1 f5 $1 18. exf6 Nxf6 19. Bf3 $14 {1/2-1/2 Burmakin,
V-Vaulin,A/Kazan 2001/CBM 86/[Huzman] (30)}) 9... Nxc4 10. Qb3 Nb6 11. e6 fxe6
12. Qxe6 Qd7 13. Qe4 O-O-O 14. O-O e6 15. Bf4 Nd5 16. Bg3 g6 17. Na4 b6 18. a3
Bh6 19. b4 $36 {0-1 Van Wely,L-Shirov,A/Monte Carlo 2001/CBM 81 ext (34)}) 9.
O-O e6 10. a3 $5 (10. Be3 Qd7 11. Nf4 O-O-O 12. Qe2 Nb4 13. Nfxd5 N4xd5 14. Ne4
f5 15. exf6 gxf6 16. Nc5 Qf7 17. Ba6 Bxc5 18. dxc5 bxa6 19. Qxa6+ Kd7 20. cxb6
axb6 21. Rfd1 Ra8 22. Qc4 Kc8 23. a4 $36 {0-1 Tratar,M-Dreyer,M/Manila 1992/TD
(45)}) (10. Nxd5 Qxd5 11. Be3 Be7 12. Qb1 O-O-O 13. Bc1 Nb4 14. Be4 Qd7 15. a3
N4d5 16. Bd2 Qb5 17. Bd3 Qd7 18. b4 h6 19. a4 Kb8 20. a5 Nc8 21. Bc2 c6 22. a6
b5 23. f4 {1/2-1/2 Komarov,D-Kallai,G/France 2000/EXT 2001 (23)}) 10... Qd7 11.
Be3 O-O-O 12. b4 f6 13. b5 Na5 $2 {[%mdl 16384] Simply losing the game because
the miserable piece will never return to the game. Yet, even the right one
Ne7-would leave White with a strong attacking potential.} (13... Ne7 14. a4
fxe5 15. Qc2 $1 (15. a5 Nc4 16. b6 a6 17. bxc7 Qxc7 18. Rc1 Kb8 19. Nxd5 exd5
20. Qa4 Qd7) 15... exd4 (15... Kb8 16. Rfd1 $1 $36) 16. Bxd4 $44 {[%cal Ga4a5]}
) 14. Nxd5 Qxd5 (14... exd5 $142 15. Ng3 (15. Nf4 Kb8 16. Qh5 (16. exf6 gxf6
17. Qf3 {[%cal Gf4h5]} Nbc4 18. a4 Bh6 $132) 16... fxe5 17. dxe5 d4 $132) 15...
Kb8 16. exf6 gxf6 17. Qf3 $16) (14... Nxd5 15. Bd2 $18) 15. Nf4 Qd7 16. Qc2 $1
fxe5 $2 (16... Kb8 17. Rfc1 (17. Rfd1 Nd5 18. Nxd5 exd5 19. Qa4 b6 20. Rac1 $16
) 17... Be7 18. Bd2 fxe5 19. Nh3 Nb3 20. Qxb3 Qxd4 21. Rc3 Nd5 22. Rd1 Nxc3 23.
Bxc3 Qd5 24. Qa4 $16) 17. Nxe6 $18 Re8 18. Nxf8 Rhxf8 19. Bd2 e4 20. Be2 Nd5
21. Bxa5 Nf4 22. Bg4 1-0